000 00436cam a2200181 4500
008 090401t1988 xxu||||| |||| 00| 0 eng d
020 _a0632021241
035 _a(Sirsi) u38755
041 _aeng
050 _a711.1
100 _aMcCoubrey, Hilaire
245 _aEffective planning appeals
260 _aOxford
_bBSP Professional Books
_c1988
300 _a157p. ; 24cm.
350 _a17.59
942 _n0
948 _c04/03/1997
999 _c90701
_d90701